Principles of crop production : (Record no. 57914)

MARC details
000 -LEADER
fixed length control field 01113nam a22002897a 4500
005 - DATE AND TIME OF LATEST TRANSACTION
control field 20111031153639.0
008 - FIXED-LENGTH DATA ELEMENTS--GENERAL INFORMATION
fixed length control field 111031t xxu||||| |||| 00| 0 eng d
010 ## - LCCN (DPL NO)
LC control number ENG-103996
020 ## - INTERNATIONAL STANDARD BOOK NUMBER
International Standard Book Number 9788120343306
Terms of availability 650.00
035 ## - SYSTEM CONTROL NUMBER
System control number EN-87529
037 ## - SOURCE OF ACQUISITION
Source of stock number/acquisition DBAD/PUB
040 ## - CATALOGING SOURCE
Original cataloging agency DPL
Language of cataloging Eng
082 00 - DEWEY DECIMAL CLASSIFICATION NUMBER
Classification number 631
Edition number 22
100 1# - MAIN ENTRY--PERSONAL NAME
Personal name Acquaah, George
9 (RLIN) 35607
245 10 - TITLE STATEMENT
Title Principles of crop production :
Remainder of title theory, techniques, and technology /
Statement of responsibility, etc by George Acquaah
250 ## - EDITION STATEMENT
Edition statement 2nd ed
260 ## - PUBLICATION, DISTRIBUTION, ETC. (IMPRINT)
Place of publication, distribution, etc New Delhi
Name of publisher, distributor, etc PHI Learning
Date of publication, distribution, etc 2011
270 ## - ADDRESS
Address M-97, Connaught Circus
City New Delhi
Postal code 110001
300 ## - PHYSICAL DESCRIPTION
Extent xxvii, 740p. :
Other physical details ill., maps
Dimensions 27cm (pbk)
500 ## - GENERAL NOTE
General note Includes bibliographical references and index.
650 #0 - SUBJECT ADDED ENTRY--TOPICAL TERM
Topical term or geographic name as entry element Field crops.
9 (RLIN) 35608
650 #0 - SUBJECT ADDED ENTRY--TOPICAL TERM
Topical term or geographic name as entry element Food crops.
9 (RLIN) 35609
650 #0 - SUBJECT ADDED ENTRY--TOPICAL TERM
Topical term or geographic name as entry element Crop yields.
9 (RLIN) 35610
942 ## - ADDED ENTRY ELEMENTS (KOHA)
Source of classification or shelving scheme Dewey Decimal Classification
Item type Bengali Books
Classification part 631
Call number suffix ACQ
Holdings
Withdrawn status Lost status Source of classification or shelving scheme Damaged status Not for loan Collection code Home library Current library Date acquired Source of acquisition Cost, normal purchase price Total Checkouts Full call number Barcode Date last seen Copy number Cost, replacement price Koha item type
    Dewey Decimal Classification   Not For Loan Non-fiction D.B.Act.Division D.B.Act.Division 31/10/2011 DBAD/PUB 650.00   631 ACQ EN-87529 31/10/2011 1 650.00 English Books

© Delhi Public Library
Hit Counter
free hit counter